| 000 | 00426nam a22001457a 4500 | ||
|---|---|---|---|
| 020 | _a978-0-367-26903-6 | ||
| 082 |
_a581.785.23 _bTHO |
||
| 100 | _aTHOMAS (Robert) | ||
| 245 | _aPractical guide to ICP-MS: A tutorial for beginners. Ed 3 | ||
| 260 |
_aFlorida _bCRC Press _c2013 |
||
| 300 | _a418p. | ||
| 650 |
_aInductively coupled plasma mass spectrometry _aPractical spectroscopy |
||
| 700 | _aTHOMAS (Robert) | ||
| 942 | _cBK | ||
| 999 |
_c74676 _d74676 |
||